000 01115cam a22002651i 4500
003 SA-RiAUC
005 20250929081917.0
008 250922s1991 le g b 00000 ara c
040 _aLB-ChIUL
_bara
_cSA-RiAUC
_erda
082 0 4 _a251
_qSA-RiAUC
090 _a251
_bخ ر ا
100 1 _aالخراساني، محمد كاظم،
_d1255-1329 هجري
_eمؤلف.
245 1 0 _aكفاية الأصول /
_cمحمد كاظم الخراساني ؛ تحقيق مؤسسة آل البيت لإحياء التراث.
250 _aالطبعة الثانية.
264 1 _aبيروت :
_bمؤسسة آل البيت لإحياء التراث،
_c1991.
300 _a551 صفحة ؛
_c24 سم
336 _aنص
_btxt
_2rdacontent
_3كتاب
337 _aبدون وسيط
_bn
_2rdamedia
338 _aمجلد
_bnc
_2rdacarrier
504 _aببليوجرافية : صفحة 511-520.
650 7 _aأصول الفقه الإسلامي
_2aucsh
710 2 _aمؤسسة آل البيت لإحياء التراث.
_bفرع لبنان
_eمحقق.
942 _2ddc
_cBOOK
_n0
949 _aSA-JeALM
_d250922
_umohamedma123
_n1
999 _c12183
_d12183